Andelfingen Quiz - Statistiken

Allgemein
  • Dieses Quiz wurde 2 mal gespielt
  • Das Durchschnittsergebnis liegt bei 9 aus 15
Antwortstatistiken
Frage Antwort % Korrekt
An welchem Wochentag findet der Wochenmarkt statt? Freitag
100%
Welche Farbe haben die Busse? Gelb
100%
Welcher Fluss fliesst durch Andelfingen? Thur
100%
Wann wurde die Brücke erbaut? 1815
50%
Wie viele Leute aus Humlikon starben beim Absturz 1963? 43
50%
Wann wurde Andelfingen das erste mal urkundlich erwähnt? 759
50%
Was ist die Postleitzahl von Andelfingen? 8450
50%
Für was diente das Schloss von 1925-1999 Altersheim
50%
Welche Farbe hat die Eingangstür der reformierten Kirche? Grün
50%
Wie heisst der Vizepräsident vom TV? Janis Schwarz
50%
Welches Tier ist aus Metall vor dem Volg Andelfingen montiert? Kuh
50%
Wie heisst die alte Mühle, heute Kulturort? Lindenmühle
50%
Welches Tier ist auf dem Wappen? Löwe
50%
Wo findet man lokale Produkte wie Honig oder Most? Troxler
50%
An welcher Strasse liegt der Migros? Weinlandstrasse 4
0%
Keine übereinstimmenden Quizze gefunden
Verteilung der Resultate
Anzahl Personen mit jedem Resultat
Perzentil nach korrekt beantworteten Fragen
Ihre Resultats-Entwicklung
Sie haben dieses Quiz noch nicht gespielt